| 000 | 00508nam a22001937a 4500 | ||
|---|---|---|---|
| 003 | SISC | ||
| 005 | 20160215155828.0 | ||
| 008 | 130907t xxu||||| |||| 00| 0 eng d | ||
| 020 | _a0894370510 | ||
| 050 |
_aQK 474.5 _b.B167 1979 |
||
| 082 |
_aHS 635 _bB17 1979 |
||
| 100 |
_aBaker, Jerry _917078 |
||
| 245 |
_aOne to one plant problem solver / _cJerry Baker. |
||
| 260 |
_aNew York : _bBaronet, _cc1979. |
||
| 300 |
_a144 p. ; _c18 cm. |
||
| 650 |
_aGardening _916951 |
||
| 942 |
_2lcc _cBK |
||
| 999 |
_c10603 _d10603 |
||